| 000 | 01326 a2200253 4500 | ||
|---|---|---|---|
| 003 | Nust | ||
| 005 | 20230119114614.0 | ||
| 010 | _a 74021561 | ||
| 020 | _a0873451171 | ||
| 040 | _cNust | ||
| 082 | 0 | 0 | _a671,LUD |
| 100 | 1 |
_aLudwig, Oswald A. _958203 |
|
| 245 | 1 | 0 |
_aMetalwork, technology and practice/ _cOswald A. Ludwig, |
| 250 |
_a6th ed. / _bOswald A. Ludwig, Willard J. McCarthy, Victor E. Repp. |
||
| 260 |
_aBloomington, Ill. : _bMcKnight Pub. Co., _c[1975] |
||
| 300 |
_axii, 658 p. : _bill. ; _c24 cm. |
||
| 490 | 0 | _aA McKnight career publication | |
| 505 | _aIntroduction (Page-1), Planning and Organizing Work (Page-35), Layout and Measurement (Page-51), Bench Work (Page-97) Getting Acquainted with Metals (Page-135), Threads,Taps and Dies (Page-171), Fitting and Assembling (Page-196), Adhesion and Fusion Bonding (Page-239), Fabricating Sheet Metal (Page-276), Shaping and Decorating Art Metal Objects (Page-303) Hot Metal Forming Processes (Page-325), Abrasive Material and Products, Tool Sharpening (Page-381), Controlling Quality (Page-416), Introduction to Powered Machining (Page-448), Machine Tool Processing (Page-468). | ||
| 650 | 0 |
_aMachine-shop practice. _936237 |
|
| 650 | 0 | _aMetal-work. | |
| 700 | 1 |
_aMcCarthy, Willard J., _9107058 |
|
| 700 | 1 |
_aRepp, Victor E., _9107059 |
|
| 942 |
_2ddc _cBK |
||
| 999 |
_c185019 _d185019 |
||